Statistieken voor Vietnam Trivia Quiz

Klik hier om de quiz te nemen!

Algemene statistieken

  • Deze quiz is 353 keer genomen
  • De gemiddelde score is 12 van 19

Antwoordstatistieken

HintAntwoord% Correct
Landen die aan Vietnam grenzenCambodja
95%
Landen die aan Vietnam grenzenLaos
95%
Landen die aan Vietnam grenzenChina
94%
HoofdstadHanoi
91%
Land dat Vietnam koloniseerdeFrankrijk
87%
Meest gegeten gewasRijst
87%
Meest bevolkte stadHo Chi Minh-Stad
82%
Voormalige naam van die stadSaigon
68%
Grote rivier die de zee in stroomt in het zuiden van VietnamMekong
66%
Op één na meest voorkomende religie, vernoemd naar "Vietnamese volksreligies"Boeddhisme
58%
Schiereiland waarop Vietnam ligtIndochina
57%
Zuid-Vietnamese opstandelingengroep die tegen de VS vochtViet Cong
54%
Wat voor soort eten is pho?Soep
49%
ValutaDong
45%
Achternamen die samen bijna de helft van de Vietnamezen heeftNguyen
45%
Prachtige baai met ongeveer 2000 kleine eilandenHạ {Long}baai
39%
Hoe heet het Vietnamees nieuwjaar?Tet
32%
Rivier die door de hoofdstad stroomtRode Rivier
28%
Achternamen die samen bijna de helft van de Vietnamezen heeftTran
24%

Scoreverdeling

Percentiel versus Aantal Correcte Antwoorden

Procent van Mensen met Elke Score

Uw Scoregeschiedenis

U heeft deze quiz nog niet genomen